| 000 | 00656nam a2200193Ia 4500 | ||
|---|---|---|---|
| 008 | 151119s9999||||xx |||||||||||||| ||und|| | ||
| 082 | _a891.462 | ||
| 082 | _bGKKV10595 | ||
| 100 | _aपरदेशी दिलीप | ||
| 245 | _aम्हणून मी तुला कुठ नेत नाही | ||
| 260 | _a-- | ||
| 260 | _b-- | ||
| 260 | _c0 | ||
| 600 | _aपरदेशी दिलीप | ||
| 630 | _aम्हणून मी तुला कुठ नेत नाही | ||
| 700 | _aपरदेशी दिलीप | ||
| 730 | _aम्हणून मी तुला कुठ नेत नाही | ||
| 942 | _cBOOK | ||
| 999 |
_c1064705 _d1064702 |
||